Statistics for Men's Tennis Top 100

Click here to take the quiz!

General Stats

  • This quiz has been taken 2,191 times
  • The average score is 33 of 100

Answer Stats

RankingCountryAnswer% Correct
2SpainRafael Nadal
99%
3SwitzerlandRoger Federer
99%
4Great BritainAndy Murray
98%
1SerbiaNovak Djokovic
98%
6SpainDavid Ferrer
89%
5FranceJo-Wilfried Tsonga
89%
9ArgentinaJuan Martin del Potro
87%
7Czech RepublicTomas Berdych
78%
10USAJohn Isner
77%
24SwitzerlandStanislas Wawrinka
74%
20JapanKei Nishikori
71%
15FranceGael Monfils
69%
18CroatiaMarin Cilic
66%
22CanadaMilos Raonic
64%
19FranceRichard Gasquet
64%
33USAAndy Roddick
63%
8SerbiaJanko Tipsarevic
60%
13FranceGilles Simon
55%
64ItalyFabio Fognini
54%
30South AfricaKevin Anderson
53%
16SpainFernando Verdasco
52%
11SpainNicolas Almagro
51%
17SpainFeliciano Lopez
48%
65BulgariaGrigor Dimitrov
47%
12USAMardy Fish
47%
49GermanyTommy Haas
46%
42CyprusMarcos Baghdatis
45%
27AustraliaBernard Tomic
43%
21UkraineAlexandr Dolgopolov
42%
26ItalyAndreas Seppi
41%
39ArgentinaDavid Nalbandian
38%
85LatviaErnests Gulbis
38%
29GermanyPhilipp Kohlschreiber
37%
14ArgentinaJuan Monaco
36%
25Czech RepublicRadek Stepanek
36%
34SerbiaViktor Troicki
36%
66BelgiumDavid Goffin
35%
57CroatiaIvo Karlovic
35%
47RussiaNikolay Davydenko
34%
54LuxembourgGilles Muller
33%
63USASam Querrey
33%
41UzbekistanDenis Istomin
32%
38SpainJuan Carlos Ferrero
32%
67FranceNicolas Mahut
32%
35AustriaJurgen Melzer
30%
32RussiaMikhail Youzhny
30%
55Chinese TaipeiYen-Hsun Lu
28%
28GermanyFlorian Mayer
27%
44FinlandJarkko Nieminen
27%
62ArgentinaLeonardo Mayer
27%
60FranceBenoit Paire
26%
40NetherlandsRobin Haase
26%
90USAJames Blake
25%
31FranceJulien Benneteau
24%
100Czech RepublicLukas Rosol
24%
23SpainMarcel Granollers
24%
51KazakhstanMikhail Kukushkin
22%
58FranceJeremy Chardy
21%
52FranceMIchael Llodra
21%
72BelgiumSteve Darcis
20%
74ColombiaAlejandro Falla
19%
78BrazilThomaz Bellucci
19%
93SlovakiaKarol Beck
18%
43SpainAlbert Ramos
17%
91SpainGuillermo Garcia-Lopez
17%
61SlovakiaMartin Klizan
17%
53USARyan Harrison
17%
45ColombiaSantiago Giraldo
17%
95BelgiumXavier Malisse
17%
50USADonald Young
16%
56JapanGo Soeda
16%
99CroatiaIvan Dodig
16%
48PolandLukasz Kubot
16%
76TunisiaMalek Jaziri
16%
84UkraineSergiy Stakhovsky
16%
68BelgiumOlivier Rochus
15%
37ArgentinaCarlos Berlocq
14%
36SpainPablo Andujar
14%
59SlovakiaLukas Lacko
12%
70JapanTatsuma Ito
12%
82AustraliaMarinko Matosevic
11%
69FranceEdouard Roger-Vasselin
10%
98ArgentinaHoracio Zeballos
10%
46RussiaAlex Bogomolov Jr.
9%
77ItalyFilippo Volandri
9%
87ItalyPaolo Lorenzi
9%
97ItalyPotito Starace
9%
89SpainAlbert Montanes
8%
92RussiaIgor Andreev
8%
81ArgentinaJuan Ignacio Chela
8%
94EstoniaJurgen Zopp
8%
75AustraliaMatthew Ebden
8%
71SloveniaBlaz Kavcic
7%
79RomaniaAdrian Ungur
6%
83GermanyTobias Kamke
6%
88ItalyFlavio Cipolla
5%
96PortugalRui Machado
5%
86GermanyBjorn Phau
4%
73GermanyCedric-Marcel Stebe
4%
80SpainRuben Ramirez Hidalgo
3%

Score Distribution

Percentile by Number Answered

Percent of People with Each Score

Your Score History

You have not taken this quiz